000 00630 a2200193 4500
999 _c7627
_d7627
020 _a9780796923134
050 _aHQ 792.S6 GRO 2010
100 _aBray, Rachel
_eauthor
245 _aGrowing up in the new South Africa:
_bchildhood and adolescence in post -apartheid Cape Town/
_cRachel Bray[ et ...al]
264 _aCape Town:
_bHSRC PRESS,
_c2010
300 _a358p. :
_bill.
500 _aIncludes index
650 _aChild welfare
_xPost-apartheid era
700 _aGooskens ,Imke
_eauthor
700 _aKahn, Lauren
_eauthor
700 _aMoses, Sue
_eauthor
700 _aSeekings, Jeremy
942 _2lcc
_cBK
_h792.S6
_iGRO
_kHQ